Thomas and Friends - Season 19 Episodes - Statistics

General Stats
  • This quiz has been taken 25 times
  • The average score is 21 of 25
Answer Stats
Episode # Episode Title % Correct
6 Henry Spots Trouble
100%
5 Lost Property
100%
3 Snow Place Like Home
100%
9 The Beast of Sodor
100%
4 The Truth About Toby
100%
7 Toad and the Whale
100%
8 Very Important Sheep
100%
1 Who's Geoffrey?
100%
2 A Cranky Christmas
80%
17 Best Engine Ever
80%
12 Den and Dart
80%
11 Diesel's Ghostly Christmas
80%
25 Goodbye Fat Controller
80%
13 Helping Hiro
80%
24 No Help at All
80%
19 Philip to the Rescue
80%
16 Reds vs Blues
80%
22 Rocky Rescue
80%
10 Salty All at Sea
80%
14 Slow Stephen
80%
18 The Little Engine Who Raced Ahead
80%
23 The Other Side of the Mountain
80%
15 Two Wheels Good
80%
20 Wild Water Rescue
80%
21 Thomas the Babysitter
60%
No matching quizzes found
Score Distribution
Percent of People with Each Score
Percentile by Number Answered
Your Score History
You have not taken this quiz